| 000 | 00566nam a22001817a 4500 | ||
|---|---|---|---|
| 005 | 20251108172729.0 | ||
| 008 | 250721s2002 xx 000 0 ara d | ||
| 082 | 1 | 4 | _a610.9/سور |
| 100 | 1 |
_aسورنيا، جان شال _eمؤلف |
|
| 245 | 1 | 0 | _aتاريخ الطب من فن المداوة إلى علم التشخيص / |
| 264 | 1 |
_aالكويت : _bعالم المعرفة، _c2002. |
|
| 300 | _a397ص | ||
| 650 | 1 | 7 | _aالطب |
| 650 | 1 | 7 | _aالتاريخ |
| 700 | 1 |
_aالعجلاني، إبراهيم _eمترجم |
|
| 942 |
_2ddc _cBK |
||
| 999 |
_c87070 _d87070 |
||